| 000 | 01048nam a2200301Ia 4500 | ||
|---|---|---|---|
| 005 | 20220317001947.0 | ||
| 008 | 200115s9999 xx 000 0 und d | ||
| 020 | _a9789585581074 | ||
| 040 |
_aCO-BoRNBP _bspa _erda _cCO-BoRNBP |
||
| 041 | 0 | _aspa | |
| 100 | 1 |
_aGonzález Sarmiento, Luis Alfredo _eautor |
|
| 245 | 1 | 3 |
_aEl jefe _cLuis González |
| 250 | _aEdición especial | ||
| 264 | 1 |
_aBogotá _bPenguin Random House _c2019 |
|
| 300 |
_a335 páginas _c 23 cm |
||
| 336 |
_2rdacontent _atexto _btxt |
||
| 337 |
_2rdamedia _asin mediación _bn |
||
| 338 |
_2rdacarrier _avolumen _bnc |
||
| 490 | 0 | _aPlan Nacional de Lectura y Escritura Leer es mi Cuento / Ministerio de Cultura | |
| 500 | _aRecomendado para público adulto | ||
| 650 | 1 | 7 |
_a gaitan, jorge eliecer, 19031948 novela _2LEMB |
| 650 | 1 | 7 |
_aAutores colombianos _2LEMB _ySiglo XX |
| 650 | 1 | 7 |
_aLiteratura colombiana siglo xx _2LEMB |
| 650 | 1 | 7 |
_aNovela colombiana _2LEMB _ySiglo XX |
| 650 | 1 | 7 |
_aPoliticos colombianos _2LEMB _vNovela |
| 942 |
_2loc _cBKLIT |
||
| 084 | _aN GON13 | ||
| 999 |
_c8708 _d8708 |
||